Маркіян Шашкевич. Українське літературне відродження в Галичині (Запис № 427136)
[ простий вигляд ]
| 000 -Лідер | |
|---|---|
| fixed length control field | 01004nam a22002657a 4500 |
| 003 - Ідентифікатор контрольного номера | |
| control field | UA-OsUOA |
| 005 - Дата та час останнього входження (трансакції) | |
| control field | 20200115121723.0 |
| 008 - Елементи даних фіксованої довжини – загальна інформація | |
| fixed length control field | 20120530b un ||||| |||| 00| 0 ukr d |
| 040 ## - Джерело каталогізації | |
| Агенція оригінальної каталогізації | UA-OsUOA |
| Мова каталогізації | ukr |
| Агенція, яка здійснювала перезапис | UA-OsUOA |
| Агенція, яка здійснювала модифікацію | UA-OsUOA |
| 041 ## - Код мови | |
| Код мови тексту/ звукової доріжки чи окремого заголовка (П) | ukr |
| 080 ## - Індекс Універсальної десяткової класифікації | |
| Індекс Універсальної десяткової класифікації (УДК) (НП) | 82(477)(091):929 |
| 090 ## - Локальний шифр розміщення | |
| Класифікаційний індекс УДК | 82(477)(091):929 |
| Авторський знак (НП) | О-53 |
| 100 ## - Основне введення – ім’я особи | |
| Ім’я особи (НП) | Олександрович М. |
| 245 ## - Відомості про назву | |
| Назва (НП) | Маркіян Шашкевич. Українське літературне відродження в Галичині |
| Дані про відповідальність (НП) | М. Олександрович |
| 250 ## - Відомості про видання (редакцію) | |
| Відомості про видання (редакцію) (НП) | 2-ге вид., допов. |
| 260 ## - Публікація, розповсюдження і т.п. (Вихідні дані) | |
| Місце публікації, розповсюдження і т.п. (П) | Торонто |
| Ім’я/ наймення видавництва, розповсюджувача і т.п. (П) | Добра книжка |
| Дата публікації, розповсюдження і т.п. (П) | 1961 |
| 300 ## - Фізичний опис | |
| Обсяг | 64 с. |
| 650 #7 - Додаткове предметне введення – тематичний термін | |
| Тематичний термін чи географічна назва, як елемент введення (НП) | 82 Література. Літературознавство |
| 650 #7 - Додаткове предметне введення – тематичний термін | |
| Тематичний термін чи географічна назва, як елемент введення (НП) | Біографічні дослідження |
| 700 1# - Додаткове введення – ім'я особи | |
| Ім’я особи (НП) | Олександрович М. |
| 942 ## - Додаткові елементи входу (Коха) | |
| Тип елемента Koha | Книги |
| Source of classification or shelving scheme | Universal Decimal Classification |
| 955 ## - Код типу видання за змістом | |
| Код типу видання за змістом (НП) | Наукові видання |
| Стан вилучень | Стан втрат | Джерело класифікації або схеми стелажів | Стан уражень | Не для кредиту | Постійне місце розташування | Поточне розміщення | Дата придбання | Джерело придбання | Вартість, звичайна ціна покупки | Інвентарний номер | Усього замовленно | Повний номер виклику | Штрих-код | Дата останнього перегляду | Ціна ефективна від | Тип елемента Koha | Примітка, призначена для загального доступу |
|---|---|---|---|---|---|---|---|---|---|---|---|---|---|---|---|---|---|
| Universal Decimal Classification | Наукова бібліотека ІДУД | Наукова бібліотека ІДУД | 30/05/2012 | 275/2012 | 1.00 | 2133389 | 82(477)(091):929 О-53 | 2133389 | 14/09/2019 | 30/05/2012 | Книги | ||||||
| Universal Decimal Classification | Наукова бібліотека ІДУД | Наукова бібліотека ІДУД | 15/01/2020 | Акт надходження № 2/2020 (від О. Іванусіва) | 1.00 | 2139770 | 82(477)(091):929 О-53 | 2139770 | 15/01/2020 | 15/01/2020 | Книги | Дарувальник Іванусів О. |